000 00788nam a22002412 4500
001 0000024371
005 20151217145948.0
008 130909s xx 000 0 eng d
020 _a0314208658 :
040 _aKABU
_cKABU
100 1 _aCataldo, Corinne Balog.
_@0000184400
245 1 0 _aUnderstanding clinical nutrition /
_cCorinne Balog Cataldo, Sharon Rady Rolfes, Eleanor Noss Whitney.
250 _a1st ed.
260 _aSt. Paul, MN. :
_bWest,
_c1991.
300 _a1 v. (various pagings) ;
650 0 _aNutrition.
_@0000155604
650 0 _aDiet therapy.
_@0000145817
700 1 _aRolfes, Sharon Rady.
_@0000184401
700 1 _aWhitney, Eleanor Noss.
_@0000116014
852 1 _9p7308 KES
908 _a130909
950 _@1
999 _c4524
_d4524